|
|
|
|
| LEADER |
00000nam0a2200000 4500 |
| 001 |
262902 |
| 005 |
20231101233708.0 |
| 010 |
|
|
|a 5247000722
|
| 020 |
|
|
|a RU
|b 88-55018
|
| 035 |
|
|
|a (RuTPU)RU\TPU\book\285886
|
| 090 |
|
|
|a 262902
|
| 100 |
|
|
|a 20140604d1988 k y0rusy5003 ca
|
| 101 |
0 |
|
|a rus
|
| 102 |
|
|
|a RU
|
| 105 |
|
|
|a a z 001zy
|
| 200 |
1 |
|
|a Прогнозирование нефтегазоносности на акваториях
|f И. И. Хведчук [и др.]
|
| 210 |
|
|
|a Москва
|c Недра
|d 1988
|
| 215 |
|
|
|a 168 с.
|c ил.
|
| 320 |
|
|
|a Библиогр.: с. 167-168 (45 назв.).
|
| 606 |
1 |
|
|a Нефтегазоносность
|x Оценка прогнозных запасов
|2 stltpush
|3 (RuTPU)RU\TPU\subj\45606
|9 64799
|
| 610 |
1 |
|
|a нефтеносные районы морские
|
| 610 |
1 |
|
|a газоносные районы морские
|
| 610 |
1 |
|
|a продуктивность
|
| 610 |
1 |
|
|a геологические разрезы
|
| 610 |
1 |
|
|a морская сейсморазведка
|
| 610 |
1 |
|
|a морские скважины
|
| 675 |
|
|
|a 553.98.044
|z rus
|v 3
|
| 701 |
|
1 |
|a Хведчук
|b И. И.
|
| 701 |
|
1 |
|a Агеев
|b В. Н.
|
| 701 |
|
1 |
|a Рабей
|b И. В.
|
| 701 |
|
1 |
|a Чухонцев
|b В. И.
|
| 801 |
|
0 |
|a RU
|b RuMRKP
|c 19950417
|g psbo
|
| 801 |
|
1 |
|a RU
|b 63413507
|c 20140604
|
| 801 |
|
2 |
|a RU
|b 63413507
|c 20150206
|g RCR
|
| 942 |
|
|
|c BK
|